• 首页
  • 本馆介绍
  • 公告通知
  • 最新文献
  • 馆藏检索
  • 电子资源
  • 读者导购
  • 参考咨询
  • 我的图书馆
  • 登录
  • 详细信息显示
  • 放入我的书架
  • 预约/预借图书
  • 作者相关作品
  • 分类相关作品
  • 丛书相关作品
  • 出版社相关作品

书目信息

  • 表格格式
  • 工作单格式
  • 卡片格式
题名:
中东国家民主化问题研究
    
 
作者: 王林聪 著
分册:  
出版信息: 北京   中国社会科学出版社  2007.07
页数: 399页
开本: 21cm
丛书名:
单 册:
中图分类: D737.021
科图分类:
主题词: 民主--研究--中东 , 民主
电子资源:
ISBN: 978-7-5004-6506-5
000 01060nam0 2200265 450
001 012004211976
005 20120618152523.71
010    @a978-7-5004-6506-5@dCNY28.00
100    @a20090423d2007 em y0chiy0110 ea
101 0  @achi
102    @aCN@b110000
105    @ak z 000yy
106    @ar
200 1  @a中东国家民主化问题研究@9zhong dong guo jia min zhu hua wen ti yan jiu@dThe study of the democratization in the middle east@f王林聪著@zeng
210    @a北京@c中国社会科学出版社@d2007.07
215    @a399页@d21cm
300    @a中国社会科学院重大课题研究项目
330    @a本书从中东历史发展的广度和深度上探寻中东民主化迟缓的原因,探究中东国家民主化道路的独特性,分析中东国家民主实践的前景。具体内容有:中东国家民主化进程的历史考察、伊斯兰教与民主化的关系、社会经济发展与中东国家民主化问题等。
510 1  @aStudy of the democratization in the middle east@zeng
606 0  @a民主@x研究@y中东
606 0  @a民主
690    @aD737.021@v4
701  0 @a王林聪@9wang lin cong@4著
801  0 @aCN@bNLC@c20090423
905    @b540441-45@dD737.021@e353@f5
    
    中东国家民主化问题研究=The study of the democratization in the middle east/王林聪著.-北京:中国社会科学出版社,2007.07
    399页;21cm
    中国社会科学院重大课题研究项目
    
    ISBN 978-7-5004-6506-5:CNY28.00
    本书从中东历史发展的广度和深度上探寻中东民主化迟缓的原因,探究中东国家民主化道路的独特性,分析中东国家民主实践的前景。具体内容有:中东国家民主化进程的历史考察、伊斯兰教与民主化的关系、社会经济发展与中东国家民主化问题等。
●
相关链接 在E读中查询图书 在五车中查询图书 在当当中查询图书 在豆瓣中查询图书


正题名:中东国家民主化问题研究     索取号:D737.021/353         预约/预借

序号 登录号 条形码 馆藏地/架位号 状态 备注
1 540441   205404418   第一样本阅览室/ [索取号:D737.021/353] 在馆    
2 540442   205404427   第一借阅区/ [索取号:D737.021/353] 在馆    
3 540443   205404436   第一借阅区/ [索取号:D737.021/353] 在馆    
4 540444   205404445   第一借阅区/ [索取号:D737.021/353] 在馆    
5 540445   205404454   第一借阅区/ [索取号:D737.021/353] 在馆    
唐山师范学院图书馆 欢迎您!
大连网信软件有限公司© 版权所有